00435 2200169 4500001002100000008004100021035002000062245006500082100001700147250000600164260003500170300001200205084001400217082000800231650001400239990001200253INLIS000000000000241 ind  a0010-0424000217 aReferensi Matematika Dalam Kehidupan Manusia 2cDr. Wahyudin aDr. Wahyudin a1 aJakarta :bCV. Ipa Abongc2008 a122 hlm a510 WAH r a510 aReferensi a0732413